00375nam a2200157Ia 4500003000900000008004100009040001300050040001300063100002400076245006200100250001100162260001500173300000800188490000600196700001500202IT-RoPAU120407s9999 xx 000 0 und d aIT-RoPAU cIT-RoPAU aMassimo Reschiglian aPoveri per arricchire. La povertà nel cammino formativo aPadova aMessaggero c cm v1 aDino Dozzi